| 000 | 00958cab a2200253 4500 | ||
|---|---|---|---|
| 001 | WB3045-05 | ||
| 008 | 090401t1994 xxu||||| |||| 00| 0 eng d | ||
| 035 | _a(Sirsi) u16212 | ||
| 041 | _aeng | ||
| 245 | _aNEC faces £2m bill | ||
| 260 | _c1994 | ||
| 350 | _a0 | ||
| 490 |
_aBirmingham Post _v29 November 1994, 3(1) |
||
| 520 | _aThe NEC owned by Birmingham City Council, is suing quantity surveyor Francis Graves and his firm for an estimated £4m. The case concerns the phase of the National Exhibition Centre completed in 1989. NEC Ltd claim `a failure to keep building costs below £36.8m`; Graves is counterclaiming for unpaid fees plus interest. | ||
| 650 | _aBUILT ENVIRONMENT-BUILDING COSTS | ||
| 650 | _aCLAIMS | ||
| 650 | _aNATIONAL EXHIBITION CENTRE | ||
| 650 | _aNEGLIGENCE | ||
| 650 | _aQUANTITY SURVEYORS | ||
| 650 | _aUNPAID FEES | ||
| 690 | _aBUILT ENVIRONMENT-BUILDING CONTRACT FORMS | ||
| 942 | _n0 | ||
| 948 | _c04/03/1997 | ||
| 999 |
_c10653 _d10653 |
||